Entry Topical Term
Number of records used in: 1
001 - CONTROL NUMBER
003 - CONTROL NUMBER IDENTIFIER
005 - DATE AND TIME OF LATEST TRANSACTION
- control field:
20210828133917.0
008 - FIXED-LENGTH DATA ELEMENTS
- fixed length control field:
210828|| aca||aabn | a|a d
040 ## - CATALOGING SOURCE
- Original cataloging agency:
OSt
- Transcribing agency:
OSt
150 ## - HEADING--TOPICAL TERM
- Topical term or geographic name as entry element:
PHARMACY
670 ## - SOURCE DATA FOUND
- Source citation:
Work cat.: (OSt)5816: PARADKAR, DR. ANANT A. 4940, HOSPITAL PHARMACY FOR DIPLOMA AND DEGREE STUDENTS IN PHARMACY